LEADER 01530nam a2200253 i 4500 001 000000141712 003 CaOOAMICUS 005 20050902000000.0 008 050902s1992 it u000 u ita u 013 $a116440 040 $aSeMil$bita 245 10$aAll'ombra del lauro, documenti librari della cultura in età laurenziana :$bFirenze, Biblioteca Medicea Laurenziana, 4 maggio-30 giugno 1992 /$ca cura di Anna Lenzuni. 260 $aCinisello Balsamo :$bSilvana Editoriale,$ccopyr. 1992. 300 $a189 p. :$briccamente ill. ;$c26 cm. 500 $aIn testa al front. : Ministero per i Beni Culturali e Ambientali ; Biblioteca Medicea Laurenziana. - Nell'occhietto : Comitato Nazionale per le celebrazioni del 5. centenario della morte di Lorenzo il Magnifico. - Catalogo della Mostra tenuta a Firenze nel 1992. - Fondo Ciprandi. 650 4$aManoscritti - Sec. 15.$0(OLS)http://semarc/subject/27895 650 4$aLorenzo : de' Medici - Biblioteca.$0(OLS)http://semarc/subject/27896 700 1 $aLenzuni, Anna.$0(OLS)http://semarc/name/56954 850 $aSeMil 852 $aSeMil$W1$xVenegono$y1$m5T VI 11$j94930$B94930$CSeMilBibl$Z2$F102320 $81 941 1 $a1 961 $aOmaggio: Ciprandi dott. Paolo 996 $6245$aAll'ombra del lauro, documenti librari della cultura in età laurenziana :$bFirenze, Biblioteca Medicea Laurenziana, 4 maggio-30 giugno 1992$9(OLS)http://semarc/title/207141 996 $6260$aCinisello Balsamo :$bSilvana Editoriale$9(OLS)http://semarc/publisher/34608 LEADER 01216nam a2200241 i 4500 001 000000149495 003 CaOOAMICUS 005 20060404000000.0 008 060404s2006 it u000 u ita u 013 $a126817 040 $aSeMil$bita 100 1 $aCognoli, Virginio.$0(OLS)http://semarc/name/53048 245 14$aUna missione in Terra d'Islam Borneo Labuan e Brunei :$b1856 - 1860 : la prima volta che i missionari del Pime incontrano popoli musulmani /$cVirginio Cognoli. 260 $aBologna :$bEditrice Missionaria Italiana,$c2006. 300 $a128 p. 490 0 $aStudi e documenti ;$v4 650 4$aPIME - Islamismo - Missione.$0(OLS)http://semarc/subject/29203 830 0$aStudi e documenti ;$v4.$0(OLS)http://semarc/title/6702 850 $aSeMil 852 $aSeMil$W1$xVenegono$y1$m3G IV 200$j101703$B101703$CSeMilBibl$Z2$F110726 $81 961 $aOmaggio: Scuola Cattolica 996 $6245$aUna missione in Terra d'Islam Borneo Labuan e Brunei :$b1856 - 1860 : la prima volta che i missionari del Pime incontrano popoli musulmani$9(OLS)http://semarc/title/218492 996 $6260$aBologna :$bEditrice Missionaria Italiana$9(OLS)http://semarc/publisher/32722 LEADER 01125nam a2200241 i 4500 001 000000150501 003 CaOOAMICUS 005 20141112000000.0 008 141112s1998 it u000 u ita u 013 $a127839 040 $aSeMil$bita 100 1 $aBarbour, Hugh Christopher.$0(OLS)http://semarc/name/20133 240 10$aSvjetlo na putu zivota.$0(OLS)http://semarc/title/220067 245 10$aLuce lungo il sentiero della vita :$buna biografia spirituale del Beato Luigi Cardinale Stepinac /$cH. Barbour, J. Batelja. 260 $aZagabria :$b[s.n.],$c1998. 300 $a202 p. :$bill. ;$c20 cm. 650 4$aStepinac, Alojzije .$0(OLS)http://semarc/subject/13761 700 1 $aBatelja, Juraj.$0(OLS)http://semarc/name/59349 850 $aSeMil 852 $aSeMil$W1$xVenegono$y1$m3H V 302$j102640$B102640$CSeMilBibl$Z2$F111496 $81 961 $aLascito: Serenthà don Mario 996 $6245$aLuce lungo il sentiero della vita :$buna biografia spirituale del Beato Luigi Cardinale Stepinac$9(OLS)http://semarc/title/220066 996 $6260$aZagabria :$b[s.n.]$9(OLS)http://semarc/publisher/47935 LEADER 00893nam a2200241 i 4500 001 000000129537 003 CaOOAMICUS 005 20090129000000.0 008 090129s1959 it u000 u ita u 013 $a102270 020 $a88-14-04852-5 040 $aSeMil$bita 100 1 $aCapograssi, Giuseppe,$d<1889-1956>.$0(OLS)http://semarc/name/5841 245 10$a4 /$cGiuseppe Capograssi. 260 $aMilano :$bGiuffrè,$c1959. 300 $a410 p. ;$c23 cm. 773 0 $aCapograssi, Giuseppe <1889-1956>$tOpere.$dMilano : Giuffrè $w()12210 850 $aSeMil 852 $aSeMil$W1$xVenegono$y1$m2LL III 65$j263312$B83653$CSeMilBibl$Z2$F86970 $81 961 $aOmaggio: Martini Card. Carlo Maria 996 $6020$a88-14-04852-5$9(OLS)http://semarc/number/116317 996 $6245$a4$9(OLS)http://semarc/title/47132 996 $6260$aMilano :$bGiuffrè$9(OLS)http://semarc/publisher/29926 LEADER 01082nam a2200253 i 4500 001 000000162636 003 CaOOAMICUS 005 20080212000000.0 008 080212s1970 it u000 u ita u 013 $a140000 040 $aSeMil$bita 110 0 $aArcidiocesi di Milano : Ufficio diocesano per la pastorale familiare.$0(OLS)http://semarc/name/43079 245 10$aNote pastorali sulla preparazione al matrimonio /$cUfficio diocesano per la pastorale familiare. 260 $aMilano :$bÀncora,$c1970. 300 $a31 p. ;$c19 cm. 500 $aFondo Card. Giovanni Colombo. 650 4$aMatrimonio - Concezione cristiana.$0(OLS)http://semarc/subject/383 650 4$aPastorale prematrimoniale.$0(OLS)http://semarc/subject/17899 850 $aSeMil 852 $aSeMil$W1$xVenegono$y1$m5B III 12/18$j113968$B113968$CSeMilBibl$Z2$F131414 $81 941 1 $a3 961 $aLascito: Colombo Card. Giovanni 996 $6245$aNote pastorali sulla preparazione al matrimonio$9(OLS)http://semarc/title/146426 996 $6260$aMilano :$bÀncora$9(OLS)http://semarc/publisher/29763 LEADER 00792nam a2200181 i 4500 001 000000014025 003 CaOOAMICUS 005 20180830125442.0 008 180830s1976 it u000 u ita u 040 $aSeMil$bita 100 1 $aPetrini, Francesco.$0(OLS)http://semarc/name/6622 245 12$aL'idea di Dio in Hegel /$cFrancesco Petrini. 260 $aRoma :$bCittà Nuova,$c1976. 300 $av. ;$c20 cm. 650 4$aHegel, Georg Wilhelm Friedrich <1770-1831> - Teologia.$0(OLS)http://semarc/subject/2323 774 0 $tStoccarda e Tubinga.$kPubblicazioni dell'Istituto di filosofia, Facoltà di magistero, Università di Genova. Ser. 2$gVol.1$w()141902 996 $6245$aL'idea di Dio in Hegel$9(OLS)http://semarc/title/18628 996 $6260$aRoma :$bCittà Nuova$9(OLS)http://semarc/publisher/29609 LEADER 01488nas a2200301 i 4500 001 000000183445 003 CaOOAMICUS 005 20100420000000.0 008 091125b2009 it uu u0 0ita r 013 $a161413 020 $a978-88-7094-731-1 040 $aSeMil$bita 100 1 $aFedrigotti, Paolo.$0(OLS)http://semarc/name/67523 245 10$aEsprimere l'Inesprimibile :$bla concezione dantesca della beatitudine /$cPaolo Fedrigotti ; Appendice [di] C. Caffarra, A. Scola, G. Barzaghi. 260 $aBologna :$bESD,$ccopyr. 2009. 300 $a236 p. ;$c21 cm. 500 $aContiene : Bibliografia. - In Appendice : Tre studi di C. Caffarra, A. Scola e G. Barzaghi a commento del discorso di Benedetto 16. all'Università di Ratisbona. 700 1 $aCaffarra, Carlo,$c.$0(OLS)http://semarc/name/90006 700 1 $aScola, Angelo,$c.$0(OLS)http://semarc/name/3364 700 1 $aBarzaghi, Giuseppe,$c.$0(OLS)http://semarc/name/89777 774 0 $t[vedi periodico].$w()272024 850 $aSeMil 852 $aSeMil$W1$xVenegono$y1$m31 3 53$j134145$B134145$CSeMilBibl$Z2$F150971 $85 941 1 $a6 961 $aAbbonamento: ESD Edizioni Studio Domenicano 996 $6020$a978-88-7094-731-1$9(OLS)http://semarc/number/173191 996 $6245$aEsprimere l'Inesprimibile :$bla concezione dantesca della beatitudine$9(OLS)http://semarc/title/263284 996 $6260$aBologna :$bESD$9(OLS)http://semarc/publisher/30112 LEADER 00825nam a2200205 i 4500 001 000000053415 003 CaOOAMICUS 005 20131121000000.0 008 131121s2013 it u000 u ita u 013 $a24587 040 $aSeMil$bita 245 13$aIl grande museo del Duomo :$bil simbolo di Milano svela la sua storia. 260 $aMilano :$bRCS Quotidiani,$c2013. 300 $a196 p. :$bill. ;$c21 cm. 650 4$aMilano - Duomo - Museo.$0(OLS)http://semarc/subject/10990 850 $aSeMil 852 $aSeMil$W1$xVenegono$y1$m5R I 117$j19569$B19569$CSeMilBibl$Z2$F19571 $81 961 $aOmaggio: Ballarini mons. Marco 996 $6245$aIl grande museo del Duomo :$bil simbolo di Milano svela la sua storia$9(OLS)http://semarc/title/82288 996 $6260$aMilano :$bRCS Quotidiani$9(OLS)http://semarc/publisher/34515 LEADER 01105nam a2200229 i 4500 001 000000202999 003 CaOOAMICUS 005 20110610000000.0 008 110610s1960 it u000 u ita u 013 $a181711 040 $aSeMil$bita 100 1 $aMigliori, Giambattista.$0(OLS)http://semarc/name/25744 245 10$aCoscienza e politica in Luigi Sturzo :$bconferenza inaugurale : Genova, 11 luglio 1960 /$cGiambattista Migliori deputato al Parlamento. 260 $a[S.l. :$bs.n.],$c1960$e(Genova :$fGrafica BI-ESSE,$g1960) 300 $a15 p. ;$c22 cm. 500 $aIn testa al front. : Centro Studi Politici e Sociali, Luigi Sturzo, Genova. 650 4$aSturzo, Luigi - Pensiero politico.$0(OLS)http://semarc/subject/25604 850 $aSeMil 852 $aSeMil$W1$xVenegono$y1$m5D VIII 26/14$j153495$B153495$CSeMilBibl$Z2$F164428 $81 961 $aOmaggio: Altro 996 $6245$aCoscienza e politica in Luigi Sturzo :$bconferenza inaugurale : Genova, 11 luglio 1960$9(OLS)http://semarc/title/293854 996 $6260$a[S.l. :$bs.n.]$9(OLS)http://semarc/publisher/29751 LEADER 00810nam a2200229 i 4500 001 000000084588 003 CaOOAMICUS 005 20180830145949.0 008 180830s1956 xx u000 u und u 013 $a56828 020 $a88-343- 040 $aSeMil$bita 245 12$aI difetti del bambino. 260 $aMilano :$bVita e Pensiero,$c1956. 300 $a173 p. 650 4$aEducazione - Studi.$0(OLS)http://semarc/subject/1420 650 4$aInfanzia.$0(OLS)http://semarc/subject/10285 850 $aSeMil 852 $aSeMil$W1$xVenegono$y1$m44 217 7 *$j48835$B48835$CSeMilBibl$Z2$F52187 $81 996 $6020$a88-343-$9(OLS)http://semarc/number/63795 996 $6245$aI difetti del bambino$9(OLS)http://semarc/title/131259 996 $6260$aMilano :$bVita e Pensiero$9(OLS)http://semarc/publisher/29642